000
00218nam a2200109Ia 4500
100
_a
DUN & BRANDSTREET
942
_c
BK
245
_a
SUCCESSSFUL BUSINESS THINKING
260
_b
#N/A
546
_a
ENGLISH
999
_c
27326
_d
27326